000 00494nam a2200181Ia 4500
005 20250326125405.0
008 250326s9999 xx 000 0 und d
037 _aTextbook
040 _aFMSL
_beng
_cFMSL
041 _aeng
_2eng
084 _aX:8D.44 M0
_qFMSL
100 _aSingh S
245 0 _aUnion-state ficial relations in India
_cSingh S
260 _aJullundur
_bJullundur, Sterling
_c1980
300 _a143p
942 _cTB
_hX:8D.44 M0
999 _c1277844
_d1277844